000 00793nam a2200277 i 4500
001 000011346
003 DO-SdBNP
005 20240412074225.0
007 ta
008 091016s1967 dr c 000 p spa d
040 _aDO-SdBNP
_bspa
_cBNPHU
_erda
049 _aBNPD
082 4 _aRD861.44
_bR111p
_222
100 1 _aR. Ulloa, Milagro, de
_926950
245 1 0 _aPatria, tiempo y verso /
_cMilagro R. de Ulloa.
264 _aSanto Domingo :
_bs.n.,
_c1967
300 _a115 páginas :
_bretratos ;
_c23 cm.
336 _2rdacontent
_atexto
_btxt
337 _2rdamedia
_asin mediación
_bn
338 _2rdacarrier
_avolumen
_bnc
590 _aInventariado, 2023/BT
650 4 _aPoesía dominicana
_966
650 0 _aLiteratura dominicana.
_967
910 _aBtavárez
942 _2ddc
_cLBS1
999 _c11053
_d11053